Jalonando el futuro del sector rural : (Registro nro. 1305)

Detalles MARC
000 -CABECERA
Campo de control 01038nam a2200265 a 4500
005 - FECHA Y HORA DE LA ULTIMA TRANSACCION
Campo de control 20160211201409.0
008 - ELEMENTOS DE LONGITUD FIJA—INFORMACION GENERAL
Campo de control 990209s1998 ck a f000 0 spa d
040 ## - FUENTE DE CATALOGACIÓN
Agencia catalogadora original DNAL
Agencia transcriptora DNAL
Agencia Modificadora DLC
-- CO-BoIAVH
041 ## - IDIOMA
Código de idioma para texto/pista de sonido o título separado Inglés
042 ## - AUTHENTICATION CODE
Authentication code lccopycat
044 ## - PAÍS DE PUBLICACIÓN
País de publicación Colombia
070 ## - NATIONAL AGRICULTURAL LIBRARY CALL NUMBER
Classification number 307.1412
Item number J26j
245 00 - MENCION DE TITULO
Título Jalonando el futuro del sector rural :
Parte restante del título informe al Congreso, 1994-1998 /
Mención de responsabilidad Antonio Gómez Merlano.
260 ## - PUBLICACION, DISTRIBUCION, ETC. (PIE DE IMPRENTA)
Lugar de publicación, distribución, etc. [Bogotá] :
Nombre del editor, distribuidor, etc. República de Colombia, Ministerio de Agricultura y Desarrollo Rural,
Fecha de publicación, distribución, etc. [1998]
300 ## - DESCRIPCION FISICA
Extensión 372 p.:
Otros detalles físicos col. ill. ;
Dimensiones 23 cm.
650 #0 - ASIENTO SECUNDARIO DE MATERIA - TERMINO TEMATICO
Término temático o nombre geográfico como elemento de entrada Agriculture and state
Subdivisión geográfica Colombia.
9 (RLIN) 59040
650 #0 - ASIENTO SECUNDARIO DE MATERIA - TERMINO TEMATICO
Término temático o nombre geográfico como elemento de entrada Agricultura y estado
Subdivisión geográfica Colombia
9 (RLIN) 59041
650 #0 - ASIENTO SECUNDARIO DE MATERIA - TERMINO TEMATICO
Término temático o nombre geográfico como elemento de entrada Agriculture
Subdivisión general Economic aspects
Subdivisión geográfica Colombia.
9 (RLIN) 59042
650 #0 - ASIENTO SECUNDARIO DE MATERIA - TERMINO TEMATICO
Término temático o nombre geográfico como elemento de entrada Agricultura
Subdivisión general aspectos economicos
Subdivisión geográfica Colombia
9 (RLIN) 59043
650 #0 - ASIENTO SECUNDARIO DE MATERIA - TERMINO TEMATICO
Término temático o nombre geográfico como elemento de entrada Rural development
Subdivisión geográfica Colombia.
9 (RLIN) 59044
650 #0 - ASIENTO SECUNDARIO DE MATERIA - TERMINO TEMATICO
Término temático o nombre geográfico como elemento de entrada Desarrollo rual
Subdivisión geográfica Colombia
9 (RLIN) 59045
700 2# - ASIENTO SECUNDARIO - NOMBRE PERSONAL
Nombre personal Gómez Merlano, Antonio.
9 (RLIN) 11693
710 1# - ASIENTO SECUNDARIO - NOMBRE CORPORATIVO
Nombre corporativo o de jurisdicción como elemento de entrada Colombia.
Unidad subordinada Ministerio de Agricultura y Desarrollo Rural.
9 (RLIN) 6763
942 ## - ELEMENTOS ADICIONALES (KOHA)
Sistema de clasificación Dewey Decimal Classification
Tipo de ítem Libro
Existencias
Withdrawn status Lost status Sistema de Clasificación Damaged status No para préstamo Colección Inventariado Ubicación Permanente Ubicación actual Fecha de adquisición Fuente de Valor Valor Total Checkouts Número topográfico Inventario / Código de Barras Date last seen Ejemplar Price effective from Forma de adquisición Tipo de material
    Dewey Decimal Classification     General Inventariado 2017 Bogotá Bogotá 02/05/1999 Instituto 39000.00   LB-307.1412 J26j 001755 04/12/2012 Ej. 1 04/12/2012   Libro